000 00264nam a2200121Ia 4500
008 190216s9999||||xx |||||||||||||| ||und||
100 _aPrabhakarn
245 0 _aPlanning And Growth
260 _bSahidhi Book
300 _a218p
650 _aEconomics
942 _cBK
999 _c9511
_d9511